La especie fabuladora
Saved in:
| Main Author: | |
|---|---|
| Format: | Book |
| Language: | Spanish |
| Published: |
Barcelona
Galaxia Gutenberg
2017
|
| Edition: | 1a. ed |
| Subjects: | |
| Tags: |
Add Tag
No Tags, Be the first to tag this record!
|
MARC
| LEADER | 00000cam a2200000 a 4500 | ||
|---|---|---|---|
| 001 | UCC1049 | ||
| 003 | CL-VaPUC | ||
| 008 | 170922e20170300sp |||||||||||||||||spa|d | ||
| 020 | |a 9788481097375 | ||
| 082 | 0 | 4 | |a C813 |b HUS |2 21 |
| 100 | 0 | |a Huston, Nancy |e author |9 595022 | |
| 245 | 1 | 3 | |a La especie fabuladora |
| 250 | |a 1a. ed | ||
| 300 | |a 150 p | ||
| 942 | |c BK | ||
| 945 | |d 20170922 16:51:00 |a arojas | ||
| 260 | |a Barcelona |b Galaxia Gutenberg |c 2017 | ||
| 650 | 0 | |a Novelas canadienses |9 261026 | |
| 650 | 0 | |a Literatura canadiense |9 342826 | |
| 650 | 0 | |a Ficción narrativa |9 387672 | |
| 583 | |a last modification |c 20170922 16:51:00 |k Rodrigo Vera | ||
| 999 | |c 369641 |d 369639 | ||
| 952 | |0 0 |1 0 |3 erb |4 0 |6 C_813_000000000000000_HUS_2017 |7 0 |8 A |9 485572 |a BIBART |b BIBART |i 5424828 |o C813 HUS 2017 |p 5424828 |r 2025-03-13 |w 2019-11-24 |y BK |z Catalogado en:20170922 |k ART | ||